Statistics for Top 25 Transfers - Football Season 2003/04

Click here to take the quiz!

General Stats

  • This quiz has been taken 44 times
  • The average score is 13 of 25

Answer Stats

FromToNatPosFeePlayer% Correct
SportingManchester UnitedPORLW€19.00mCristiano Ronaldo
97%
PSGFC BarcelonaBRACAM€32.25mRonaldinho
97%
Manchester UnitedReal MadridENGRW€37.50mDavid Beckham
95%
Manchester UnitedChelseaARGCM€21.50mJuan Sebastián Verón
89%
InterChelseaARGST€26.00mHernán Crespo
87%
Real MadridChelseaFRACDM€20.00mClaude Makélélé
82%
ParmaChelseaROMST€19.00mAdrian Mutu
66%
SevillaArsenalESPRW€20.00mJosé Antonio Reyes
63%
ParmaInterBRAST€23.40mAdriano
58%
SC BastiaOlympique LyonGHACDM€11.70mMichael Essien
58%
La CoruñaFC BayernNEDST€19.75mRoy Makaay
58%
BlackburnChelseaIRLRW€24.50mDamien Duff
55%
LeedsLiverpoolAUSLW€10.00mHarry Kewell
55%
West HamTottenhamENGST€10.50mJermain Defoe
55%
West HamChelseaENGCAM€9.90mJoe Cole
55%
FulhamManchester UnitedFRAST€17.50mLouis Saha
47%
BordeauxPSGPORST€11.00mPauleta
47%
AjaxRomaROMCB€18.00mChristian Chivu
45%
SouthamptonChelseaENGLB€10.50mWayne Bridge
34%
Real MadridChelseaCMRRW€10.00mNjitap Geremi
26%
CharltonChelseaENGCM€14.50mScott Parker
21%
InterParmaFRAGK€21.00mSébastien Frey
21%
AjaxInterNEDRW€12.00mAndy van der Meyde
13%
ParmaDortmundBRARB€15.00mEvanilson
8%
FlamengoPSGBRAST€10.00mReinaldo
3%

Score Distribution

Percentile by Number Answered

Percent of People with Each Score

Your Score History

You have not taken this quiz